Countries of Asia in Last Two Letter Order - Statistics

General Stats
  • This quiz has been taken 83 times
  • The average score is 35 of 49
Answer Stats
Answer % Correct
Iraq
93%
Afghanistan
89%
Brunei
89%
North Korea
84%
South Korea
84%
Vietnam
84%
Indonesia
82%
Kazakhstan
82%
Nepal
82%
Bahrain
80%
India
80%
Israel
80%
Malaysia
80%
Tajikistan
80%
Turkmenistan
80%
Yemen
80%
Burma
77%
Laos
77%
Thailand
77%
Azerbaijan
75%
Philippines
75%
Bangladesh
73%
Bhutan
73%
Iran
73%
Jordan
73%
Kyrgyzstan
73%
Mongolia
73%
Pakistan
73%
Sri Lanka
73%
Turkey
73%
Uzbekistan
73%
Armenia
70%
Cambodia
70%
China
70%
Japan
70%
Qatar
70%
Kuwait
68%
East Timor
66%
Georgia
66%
Maldives
66%
Saudi Arabia
66%
Oman
64%
Singapore
64%
United Arab Emirates
59%
Syria
57%
Taiwan
57%
Lebanon
52%
Cyprus
45%
Palestine
20%
No matching quizzes found
Score Distribution
Percent of People with Each Score
Percentile by Number Answered
Your Score History
You have not taken this quiz